Diagnostic and statistical manual of mental disorders

Đã lưu trong:
Bibliografiske detaljer
Format: Bog
Sprog:Undetermined
Udgivet: U.S.A. American psychiatric association 1980
Fag:
Tags: Tilføj Tag
Ingen Tags, Vær først til at tagge denne postø!
Thư viện lưu trữ: Trung tâm Học liệu Trường Đại học Cần Thơ
LEADER 00427nam a2200145Ia 4500
001 CTU_45961
008 210402s9999 xx 000 0 und d
082 |a 616.80475 
082 |b D537 
245 0 |a Diagnostic and statistical manual of mental disorders 
260 |a U.S.A. 
260 |b American psychiatric association 
260 |c 1980 
650 |a mental disorders 
980 |a Trung tâm Học liệu Trường Đại học Cần Thơ